000 00857 a2200229 4500
020 _a0824725468
020 _a9780824725464
082 0 4 _a515.353
090 _c255
_d255
100 _aLeugering, Guenter
245 1 0 _aControl theory of partial differential equations /
_cGuenter Leugering, Oleg Imanuvilov, Bing-Yu Zhang, Roberto Triggiani.
260 _a[S.l.] :
_bChapman and Hall/CRC,
_c2005.
300 _a416 p. ;
_c25 cm.
490 1 _aLecture notes in pure and applied mathematics.
700 1 _aLeugering, Guenter.
700 1 _aImanuvilov, Oleg.
700 1 _aZhang, Bing-Yu.
700 1 _aTriggiani, Roberto.
830 0 _aLecture notes in pure and applied mathematics.
942 _aSNS
_cBK
_k515.353 IMA
999 _c28890
_d28890